000 00749nam a2200217 a 4500
001 000003246
005 20250207125148.0
008 090707s2009 dr r 000 0 spa d
020 _a9993491985
040 _aDO-SdBNP
_bspa
_cBNPHU
082 _a641.597293
_bL864c, 2009
100 1 _aLópez, Claudia
_910232
245 1 0 _aCocinar es fácil :
_brecetas rápidas y sana cocina dominicana y más /
_cClaudia López ; prólogo Ligia Minaya.
260 _aSanto Domingo :
_bLetra gráfica,
_c2009.
300 _a205 p. ;
_c21 cm.
590 _aInventariado, 2018/BT
650 4 _aCocina dominicana
_9192
650 4 _aPreparación de alimentos
_9193
700 1 _aMinaya, Ligia,
_d1941-
_epról.
_923177
910 _aValidado. Control de calidad. MMOLINA
999 _c3077
_d3077